|
|
|
|
| LEADER |
00000nam0a2200000 4500 |
| 001 |
341780 |
| 005 |
20231214141848.0 |
| 035 |
|
|
|a (RuTPU)RU\TPU\book\370026
|
| 090 |
|
|
|a 341780
|
| 100 |
|
|
|a 20181022d2018 m y0rusy50 ca
|
| 101 |
0 |
|
|a rus
|
| 102 |
|
|
|a RU
|
| 105 |
|
|
|a a j 001zy
|
| 200 |
1 |
|
|a Устройство АЗП-23М
|e учебное пособие
|f Национальный исследовательский Томский политехнический университет (ТПУ) ; авт.-сост. А. А. Гаврилов ; А. И. Целебровский
|
| 210 |
|
|
|a Томск
|c Изд-во ТПУ
|d 2018
|
| 215 |
|
|
|a 151 с.
|c ил.
|
| 320 |
|
|
|a Библиогр.: с. 54-55
|
| 330 |
|
|
|a Пособие содержит теоретический материал по общему устройству автоматическое нитной пушки АЗП-23М, которая является элементом зенитной самоходной установи ЗСУ-23-4М "Шилка". В первой главе рассматриваются общие сведения о ЗСУ-23-4М, ее назначение, cocтав, основные тактико-технические характеристики и режимы работы. Вторая глава содержит материалы по устройству и взаимодействию частей автоматов, устройству основания с башней, электрооборудования, электрических агрегатов, а также боеприпасов. Дана характеристика и устройство как всей АЗП-23М в целом, так и отдельных элементов и систем, обеспечивающих ее работу. Предназначено для студентов, обучающихся по военно-учетной специальности "Боевое применение подразделений, вооружённых зенитными артиллерийскими самоходными установками с радиоприборными комплексами".
|
| 452 |
|
1 |
|0 (RuTPU)RU\TPU\book\369344
|t Устройство АЗП-23М
|o учебное пособие
|f Национальный исследовательский Томский политехнический университет (ТПУ) ; авт.-сост. ; А. А. Гаврилов, А. И. Целебровский
|c Томск
|n Изд-во ТПУ
|d 2018
|
| 606 |
1 |
|
|a Зенитные ракетные комплексы
|2 stltpush
|3 (RuTPU)RU\TPU\subj\11807
|9 38702
|
| 610 |
1 |
|
|a военное дело
|
| 610 |
1 |
|
|a зенитные пушки
|
| 610 |
1 |
|
|a ЗСУ 23-4М
|
| 610 |
1 |
|
|a тактико-технические характеристики
|
| 610 |
1 |
|
|a эксплуатация
|
| 610 |
1 |
|
|a техника безопасности
|
| 610 |
1 |
|
|a автоматы
|
| 610 |
1 |
|
|a электрооборудование
|
| 610 |
1 |
|
|a электрические агрегаты
|
| 610 |
1 |
|
|a боеприпасы
|
| 610 |
1 |
|
|a учебные пособия
|
| 610 |
1 |
|
|a труды учёных ТПУ
|
| 686 |
|
|
|a Ц64я73
|2 rubbk
|
| 702 |
|
1 |
|a Гаврилов
|b А. А.
|c специалист в области военного дела
|c преподаватель Томского политехнического университета
|f 1963-
|g Алексей Александрович
|3 (RuTPU)RU\TPU\pers\29006
|4 070
|4 220
|9 13726
|
| 702 |
|
1 |
|a Целебровский
|b А. И.
|c специалист в области военного дела
|c старший преподаватель Томского политехнического университета
|f 1972-
|g Алексей Игоревич
|3 (RuTPU)RU\TPU\pers\29005
|4 070
|4 220
|
| 712 |
0 |
2 |
|a Национальный исследовательский Томский политехнический университет (ТПУ)
|c (2009- )
|3 (RuTPU)RU\TPU\col\15902
|
| 801 |
|
1 |
|a RU
|b 63413507
|c 20181022
|
| 801 |
|
2 |
|a RU
|b 63413507
|c 20190110
|g RCR
|
| 942 |
|
|
|c BK
|